Music Quiz

Random Music or Famous Quiz

Famous Composers Quiz Stats

 Plays Quiz Updated Jul 17, 2018

Score 0/20 Timer 10:00
6 Plays Today
Well Known Work Composer % Correct
Moonlight SonataLudwig van Beethoven
95.6%
Marriage of FigaroWolfgang Amadeus Mozart
93.1%
Toccata and Fugue in D MinorJohann Sebastian Bach
88.3%
MessiahGeorge Frideric Handel
76.7%
1812 OverturePyotr Il'yich Tchaikovsky
72.1%
Clair de Lune (Suite bergamasque)Claude Debussy
64.6%
Minute WaltzFrédéric Chopin
64.1%
Canon in DJohann Pachelbel
59.5%
FirebirdIgor Stravinsky
57.9%
On The Beautiful Blue DanubeJohann Strauss II
57.2%
Well Known Work Composer % Correct
BoléroJoseph-Maurice Ravel
55.6%
The PlanetsGustav Holst
55.4%
The Surprise SymphonyJoseph Haydn
52.3%
William TellGioachino Rossini
51.8%
Appalachian SpringAaron Copland
49.6%
Piano Concerto No. 2Sergei Rachmaninoff
44.1%
Piano Concerto in A minorEdvard Grieg
43.4%
FinlandiaJean Sibelius
43%
Pictures at an ExhibitionModest Mussorgsky
42.7%
TotentanzFranz Liszt
41.4%

You're not logged in!

Compare scores with friends on all Sporcle quizzes.
OR
Log In

Sporcle TV

Today on Sporcle TV


Watch our educational content, quiz creation guides, and fun videos on Sporcle TV.

Show Comments

Extras

Top Quizzes Today


Score Distribution

Your Account Isn't Verified!

In order to create a playlist on Sporcle, you need to verify the email address you used during registration. Go to your Sporcle Settings to finish the process.

Report this User

Report this user for behavior that violates our Community Guidelines.

Details: